| 000 | 00782nam a2200193Ia 4500 | ||
|---|---|---|---|
| 999 |
_c39361 _d39361 |
||
| 003 | GCL | ||
| 005 | 20240530103433.0 | ||
| 008 | 140319s9999 xx 000 0 ara d | ||
| 040 |
_aGCL / _cGCL |
||
| 082 | 0 | 4 |
_a160 _bر ن |
| 100 | 1 | _aابن رشد : ابوالوليد محمد بن احمد بن محمد الاندلسى القرطبى | |
| 245 | 1 | 0 |
_aنص تلخيص منطق ارسطو / _cابن رشد : ابوالوليد محمد بن احمد بن محمد الاندلسى القرطبى ؛ دراسة و تحقيق جيرار جهامى . |
| 260 |
_aبيروت : _bدار الفكر اللبنانى ، _c1992 |
||
| 300 |
_a7 ج ؛ _c24 سم . |
||
| 600 | 0 | _aارسطو . | |
| 650 | 0 | 4 | _aالمنطق |
| 700 | 1 |
_aجيرار جهامى _eمحقق |
|
| 942 |
_2ddc _cBK |
||